000 00415nam a2200181Ia 4500
001 339
005 20260306140510.0
008 260306t2008||||xx |||||||||||||| ||spa||
041 _aESP
082 _a101
_bN53
100 _aNicolas, Simonne
_eAUT
245 0 _aPara comprender la filosofía
260 _c2008
300 _a118 páginas :
_c22 cm.
650 _aGEN
654 _aCHU
942 _cLIB
_dJUS
_fJUS
_2ddc
_n
999 _c339
_d339